01666nam a2200325 a 4500001001200000003000800012006001900020007001500039008004100054010001700095020001500112040002100127035002000148050002600168082001800194245043800212260005500650300002200705504005200727533015200779650005400931650006900985650004801054655002901102700002601131700002101157710001701178856012601195999001901321ebr10055358CaPaEBRm u cr cn|||||||||990226s1999 dcua sb 100 0 eng d z 99184679  z030906385X aCaPaEBRcCaPaEBR a(OCoLC)4347720014aRC963.4b.M424 1999eb04a616.9/80322100aMeasuring functional capacity and work requirementsh[electronic resource] :bsummary of a workshop /cGooloo S. Wunderlich, editor ; Committee to Review the Social Security Administration's Disability Decision Process Research, Dorothy Rice, Chair ; Division of Health Care Services, Institute of Medicine ; and Committee on National Statistics, Commission on Behavioral and Social Sciences and Education, National Research Council. aWashington, D.C. :bNational Academy Press,c1999. ax, 111 p. :bill. aIncludes bibliographical references (p. 89-93). aElectronic reproduction.bPalo Alto, Calif. :cebrary,d2013.nAvailable via World Wide Web.nAccess may be limited to ebrary affiliated libraries. 0aDisability evaluationzUnited StatesvCongresses. 0aPeople with disabilitiesxEmploymentzUnited StatesvCongresses. 0aSocial securityzUnited StatesvCongresses. 7aElectronic books.2local1 aWunderlich, Gooloo S.1 aRice, Dorothy P.2 aebrary, Inc.40uhttp://site.ebrary.com/lib/rucke/Doc?id=10055358zAn electronic book accessible through the World Wide Web; click to view c178557d178557